000 00281nam a2200121 a 4500
008 101026s1973|||| d
100 1 _aMészoly, Miklós
245 1 0 _aCestovné výájavy
260 _bTatran
_aBratislava
_c1973
020 _c15
041 _aslo
044 _axo
_cSK
999 _c12308
_d12308